000 00838nam a2200253Ia 4500
003 OSt
005 20220923211741.0
006 a|||||r|||| 00| 0
007 ta
008 220922b |||||||| |||| 00| 0 san d
024 _a46,492
037 _cTextual
040 _aARTS
_cARTS
_bsan
041 _2san
_asan
082 _aQ31:2143, 15M5
100 _aशास्त्री, द्वारिकाप्रसाद
_9161431
245 0 _aमहायान सूत्रालंकार
246 _ahināyān sūtrālankāra
260 _aवाराणसी
_b बौद्धभारती
_c1985
300 _a224पृ0
_ccm.
650 _aधर्म
942 _hQ31:2143, 15M5
_cTEXL
_2CC
999 _c303164
_d303164